Projektový manažment - jeho význam a úloha v praxi

Projekt a projektový manažment - pojmy. Metódy, ktoré sa používajú na hodnotenie a overovanie realizovateľnosti projektu. Štúdia vykonateľnosti projektu. Expertízne oblasti projektového manažmentu.

Salvato in:
Dettagli Bibliografici
Autore principale: Vidová, Jarmila, 1967-
Natura: Capitolo di libro
Lingua:slovacco
Soggetti:
Tags: Aggiungi Tag
Nessun Tag, puoi essere il primo ad aggiungerne!!

MARC

LEADER 00000nla$a2200000$$$4500
001 0091720
005 20240502072026.3
041 0 |a slo 
044 |a SK 
245 1 0 |a Projektový manažment - jeho význam a úloha v praxi  |c Jarmila Vidová 
520 |a Projekt a projektový manažment - pojmy. Metódy, ktoré sa používajú na hodnotenie a overovanie realizovateľnosti projektu. Štúdia vykonateľnosti projektu. Expertízne oblasti projektového manažmentu. 
610 2 0 |a projekty 
610 2 0 |a manažment 
610 2 0 |a pojmy 
610 2 0 |a metodológia 
610 2 0 |a riadenie projektové 
100 1 |a Vidová, Jarmila, 1967-